00413nam a2200169Ia 4500008004100000020001800041050001300059100001800072245002100090245004500111260001300156260001900169260000900188300001400197300002200211300001000233180207s9999 xx 000 0 und d a9780330289504 bJ36 1980 aJaques, Faith aTilly's rescue / cwritten and illustrated by Faith Jaques. aLondon : bPiccolo Books, c1980 aunpaged : bchiefly colored ; c21cm.